000 00519nam a2200181Ia 4500
999 _c29568
_d29568
003 OSt
005 20201216151727.0
008 190216s9999||||xx |||||||||||||| ||und||
020 _a9788188012251
040 _coclc
082 _a894.812
_bKAL/U
100 _aKallurutty, Sathyan
_97368
245 0 _aUtsavangalude India /
_cSathyan Kallurutty
260 _bLipi Publication,
_aKozhikode:
_c2008.
300 _a40p
650 _aSahithyam
942 _cBK
_2ddc
_h894.812
_iKAL/U
_k894.812
_mKAL/U